Μεσαιωνικά και νέα ελληνικά
Αποθηκεύτηκε σε:
| Κύριος συγγραφέας: | |
|---|---|
| Μορφή: | Βιβλίο |
| Γλώσσα: | Greek |
| Δημοσίευση: |
Αθήνα :
Φιλολογικόν,
1991
|
| Θέματα: | |
| Ετικέτες: |
Προσθήκη ετικέτας
Δεν υπάρχουν, Καταχωρήστε ετικέτα πρώτοι!
|
MARC
| LEADER | 00000cam a2200000 i 4500 | ||
|---|---|---|---|
| 001 | 1/86937 | ||
| 008 | 990721s1991 gre d | ||
| 035 | |l 10052184 | ||
| 040 | |a GR-MY-UA |b gre |e aacr | ||
| 041 | 0 | |a gre | |
| 082 | 0 | |a 489.3 | |
| 100 | 1 | |a Χατζιδάκις, Γεώργιος Ν. |d 1848-1941. | |
| 245 | 1 | 0 | |a Μεσαιωνικά και νέα ελληνικά / |c Γεωργίου Ν. Χατζιδάκι |
| 260 | |a Αθήνα : |b Φιλολογικόν, |c 1991 | ||
| 300 | |a 2 τ. | ||
| 500 | |a Φωτοτυπική ανατύπωση του 1991 της Α' έκδοσης 1915 | ||
| 650 | 0 | 0 | |a Greek language, Medieval and late. |
| 650 | 0 | 0 | |a Greek language, Modern. |
| 852 | |a INST |b LESVOS |e 19990721 |h 489.3 ΧΑΤ |p 005100015880 |q 005100015880 |t BK |y 0 |z τ.2 | ||
| 852 | |a INST |b LESVOS |e 19990721 |h 489.3 ΧΑΤ |p 005100015881 |q 005100015881 |t BK |y 0 |z τ.1 | ||
| 852 | |a INST |b LESVOS |e 19990721 |h 489.3 ΧΑΤ |p 005100015880 |q 005100015880 |t BK |v τ.2: |y 0 |z τ.2 | ||
| 852 | |a INST |b LESVOS |e 19990721 |h 489.3 ΧΑΤ |p 005100015881 |q 005100015881 |t BK |v τ.1: |y 0 |z τ.1 | ||
| 853 | |a INST |b LESVOS |h 489.3 ΧΑΤ | ||
| 901 | |a BIBL1-1999-2 | ||
| 909 | |a Λ |b 036904 | ||
| 909 | |a Λ |b 036905 | ||
| 970 | |z 1999/07/21 |a ΚΑΜΑΤΣΟΥ |b ΔΕΣΠΟΙΝΑ | ||